[Event "Dortmund op-A"]
[Site "Dortmund"]
[Date "1992.??.??"]
[Round "4"]
[White "Sinowjew, Juri"]
[Black "Piskov, Yury"]
[Result "1-0"]
[WhiteElo "2310"]
[BlackElo "2500"]
[PlyCount "73"]
[EventDate "1992.04.??"]
[EventType "swiss"]
[EventRounds "11"]
[EventCountry "GER"]
[SourceTitle "CBM 029"]
[Source "ChessBase"]
[SourceDate "1992.08.01"]
[SourceVersion "1"]
[SourceVersionDate "1992.08.01"]
[SourceQuality "1"]

1. e4 e6 2. d4 d5 3. e5 c5 4. c3 Nc6 5. Nf3 Qb6 6. a3 c4 7. Nbd2 Na5 8. Be2 Bd7 9. 0-0 Ne7 10. Re1 Nc8 11. Qc2 h6 12. a4 a6 13. Bd1 Na7 14. h4 Rc8 15. h5 Be7 16. Re3 Kd8 17. Qb1 N7c6 18. Qa2 g5 19. Nh2 f5 20. exf6 Bxf6 21. Ng4 Bg7 22. Rb1 e5 23. b4 cxb3 24. Nxb3 Nxb3 25. Rxb3 Qc7 26. Nxe5 Nxe5 27. dxe5 Re8 28. Bf3 Qc4 29. Qb1 Bxe5 30. Rxb7 d4 31. Qb6+ Rc7 32. Rb8+ Bc8 33. Rxe5 Rxe5 34. Qd6+ Rd7 35. Qxe5 Qxc3 36. Qh8+ Kc7 37. Rxc8+ 1-0

[Event "Dortmund op-A"]
[Site "Dortmund"]
[Date "1992.??.??"]
[Round "6"]
[White "Sinowjew, Juri"]
[Black "Razuvaev, Yuri S"]
[Result "1/2-1/2"]
[WhiteElo "2310"]
[BlackElo "2575"]
[PlyCount "30"]
[EventDate "1992.04.??"]
[EventType "swiss"]
[EventRounds "11"]
[EventCountry "GER"]
[SourceTitle "CBM 029"]
[Source "ChessBase"]
[SourceDate "1992.08.01"]
[SourceVersion "1"]
[SourceVersionDate "1992.08.01"]
[SourceQuality "1"]

1. e4 c5 2. Nf3 e6 3. d4 cxd4 4. Nxd4 a6 5. Bd3 Bc5 6. Nb3 Ba7 7. 0-0 Nc6 8. Qe2 d6 9. Be3 Nf6 10. c4 0-0 11. Nc3 Bxe3 12. Qxe3 Ne5 13. Be2 Qc7 14. Qd4 Nc6 15. Qd2 Ne5 1/2-1/2